000
00226nam a2200097Ia 4500
008
230508s1984 xx 000 0 und d
041
_a
eng
100
_a
PADHE V.G. & JAMDAR M.G.
245
_a
APPLIED MECHANICS
260
_c
1984
999
_c
313394
_d
313394